000 00365nam a2200157 4500
008 190521s2008||||CZ d
100 1 _aCayce Edgar
_91106
245 1 0 _aLécivá síla lásky
260 _aBratislava
_c2008
_bEko-konzult
250 _a1.vydanie
020 _a9788080790721
_c0
300 _a172s.
041 1 _acze
044 _aCZ
958 _aA
999 _c22400
_d22400